Quick Pick: Fruits in Spanish Quiz Stats

 Plays Quiz Updated May 20, 2018

Challenge
Share
Tweet
Embed
Score 0/10 Timer 01:00
0 Plays Today
% Correct
Limón
96.9%
Piña
87.2%
Naranja
84.4%
Uvas
75.1%
Fresa
73.5%
Manzana
73.4%
Cereza
65.7%
Ciruela
42.7%
Melocotón
41.2%
Sandía
29.4%

Today's Daily Dose

Missing Word
'F' Pairs

Word Ladder
Mixed Synonyms

On This Day
August 15th II

You're not logged in!

Compare scores with friends on all Sporcle quizzes.
Join for Free
OR
Log In

You Might Also Like...

Show Comments

Extras

Top Quizzes Today


Score Distribution

Your Account Isn't Verified!

In order to create a playlist on Sporcle, you need to verify the email address you used during registration. Go to your Sporcle Settings to finish the process.

Report this User

Report this user for behavior that violates our Community Guidelines.

Details: